| 000 | 00437pab a2200181 454500 | ||
|---|---|---|---|
| 008 | 180718b2011 xxu||||| |||| 00| 0 eng d | ||
| 100 | _aNaidu, K Ramamurthy | ||
| 245 | _aQuality concerns in higher education | ||
| 260 | _c2011 | ||
| 300 | _ap.25-28. | ||
| 362 | _a12 Dec | ||
| 650 | _aHigher education | ||
| 650 | _aEducational Quality | ||
| 700 | _aAhmad, Shakeel | ||
| 773 | _aUniversity News | ||
| 908 | _aN | ||
| 909 | _a94697 | ||
| 999 |
_c94697 _d94697 |
||